000 01012nam a2200289 4500
003 OSt
005 20260530113855.0
008 260505b1971 nyua|||| |||| 00| 0 eng d
040 _aICI
_bspa
_cICI
041 _aeng
050 _aTT507
_bF35 1971
100 1 _aBrogden, Joanne.
_eautor
_931672
245 1 0 _aFashion design /
_cJoanne Brogden
264 1 _aLondon :
_bStudio Vista / Reinhold Company,
_c1971
300 _a96 páginas :
_bilustraciones;
336 _atexto
_2rdacontent
337 _asin medio
_2rdamedia
338 _avolumen
_2rdacarrier
520 _aObra sobre diseño de moda que aborda procesos creativos, principios estéticos y desarrollo de la industria de la indumentaria en el siglo XX.
650 4 _aDiseño de moda
_931673
650 4 _aModa
_xDiseño y confección
_931674
650 4 _aIndumentaria
_xDiseño
_931675
650 4 _aIndustria de la moda
_931676
650 4 _aEstética
_xVestimenta
_931677
650 4 _aModa,
_xTendencias
_ySiglo XX
_931678
942 _2lcc
_cBK
_n1
999 _c11603
_d11603